Five go to Billyeock Hill
| Format: | Book |
|---|---|
| Published: |
London :
Award Publications ,
1992
|
| Subjects: |
MARC
| LEADER | 00000cam a2200000 7i4500 | ||
|---|---|---|---|
| 001 | 0000003364 | ||
| 002 | 000003629 | ||
| 005 | 20000330.0 | ||
| 020 | |a 086163558 | ||
| 090 | 0 | 0 | |a YF |b BLY |
| 245 | 1 | 0 | |a Five go to Billyeock Hill |c Enid Blyton |
| 260 | |a London : |b Award Publications , |c 1992 | ||
| 300 | |a 156p. ; |c 19cm. | ||
| 650 | 0 | 0 | |a Adventure stories |
| 999 | |a 031265 |b BUKU |c YOUTH FICTION |e PERPUSTAKAAN KOMUNITI PETALING JAYA | ||